00307 2200133 4500001002100000005001500021035002000036245004300056300000700099260003500106082000800141084001200149990001200161INLIS00000000000260620250605022645 a0010-0625000192 aPengetahuan Dasar Komputer /cSuryatno a78 aJakarta :bRineka Cipta,c2000 a600 a600 PEN a0320343